00849nam a2200277 a 4500008004100000020001500041041000800056100002300064245007400087250001100161260005500172300001100227500013200238653001400370653001200384653001200396653001500408653003000423653001300453653001300466653001800479653002500497653001100522653002300533653001500556200217e1993 ag ||||| |||| 00| 0 spa d a9879965604 aspa1 aGauthier, Jorge A.3 aLa depresión, otros males y cómo combatirlos /cJorge A. Gauthier a1a ed. aBuenos Aires:bEdiciones del Buen Ladrón;c1993. a217 p. aGauthier, J. A. (1993). La depresión, otros males y cómo combatirlos. (1a ed.). Buenos Aires : Ediciones del Buen Ladrón. aDepresion aFamilia aTrabajo aSuperacion aAnalisis hospital publico aHisteria aPsicosis aPsicoanalisis aEtica y psicoterapia aAborto aSociedad argentina aMorbilidad